000 003370000a22001450004500
003 MACL
040 _aMACL
090 _c32069
_d32067
100 _aZiglar, Zig
245 _aZig Ziglar's Secrets of Closing The Sale
260 _bMagna Publishing Co Ltd
_c2002
350 _a175
650 _aGeneral Managment
942 _cBOOK
_k658/ZIG
999 _c31745
_d31745